000 00584nam a22002057a 4500
003 OSt
005 20140407175805.0
008 140403b xxu||||| |||| 00| 0 eng d
020 _a84-7676-570-3
040 _cBMC
082 _a346.017546
100 1 _916435
_aMéndez, Rosa M.
245 1 0 _aFiliación
_b: acciones de reclamación e impugnación
_cRosa M. Méndez, A. Esther Vilalta
250 _a1ª ed
260 _aMadrid
_bBosch
_c1999
300 _a80 p.
_c21 cm
650 2 4 _916681
_aAcciones de filiación
_zEspaña
700 1 _916434
_aVilalta, A. Esther
942 _2ddc
_cBK
999 _c8820
_d8820